| 000 | 01332cam a2200265 4500 | ||
|---|---|---|---|
| 001 | X109517 | ||
| 008 | 000000n2000 000 0 eng u | ||
| 035 | _a(Sirsi) u109517 | ||
| 245 | _aRadio mast wayleaves | ||
| 260 | _c2000 | ||
| 490 |
_aFarm Development Review _v14(9) July 2000, 3-6(4) |
||
| 520 | _aA new survey by Strutt & Parker indicates a 13.1% rise for average annual telecommunication mast rents; an increase from £3,402 to £3,847, from the start of 1997 to the middle of 2000. Discusses a number of trends which are changing the current telecommunications market: smaller sites; narrowing gap between non-telecom and telecom sites; site sharing; shorter lease terms; capital values. Suggests that demand will remain constant for the next four years, enabling owners of existing sites to be in a good position for negotiating future rents. Concludes that multi-site agreements promise to be a major growth area, and bring real opportunities for operators. Tables. | ||
| 650 | _aSTRUTT & PARKER | ||
| 650 | _aRENTAL LEVELS | ||
| 650 | _aWAYLEAVES | ||
| 650 | _aSITES | ||
| 650 | _aRADIO MASTS | ||
| 650 | _aRENT REVIEW | ||
| 650 | _aTELECOMMUNICATIONS MASTS | ||
| 650 | _aLEASE TERMS | ||
| 650 | _aCAPITAL VALUES | ||
| 650 | _aOPERATORS | ||
| 690 | _aTRANSPORT AND COMMUNICATIONS | ||
| 942 | _n0 | ||
| 999 |
_c65385 _d65385 |
||